000 00736nam a2200241 i 4500
001 bg
100 1 _aBARKER, John
245 1 0 _aMarketing rolniczy /
_cJohn Barker ; tł. [z ang.] Michał Sznajder, Elżbieta Sosnowska.
246 _iTyt. oryg.:
_aAgricultural marketing
250 _aWyd. 2.
260 _aPoznań :
_bWydaw. Akademii Rolniczej,
_c1993.
300 _a203, [1] s. ;
_c25 cm.
500 _aOryg. : "Agricultural marketing" 1989.
504 _aBibliogr. s. 195-197. - Indeks.
650 9 _aMarketing
650 9 _aRynek
_xrolnictwo
655 _aPodręczniki akademickie
040 _cBPK
041 1 _apl
_hen
080 _a339.138:338.43](075.8)
942 _cKS
008 s pl f |000 0 pol
999 _c33658
_d33658
856 _uhttp://koha.tu.koszalin.pl/cgi-bin/koha/opac-detail.pl?biblionumber=33658
_yKatalog online BPK